000 00687nam a2200229Ia 4500
005 20241129104337.0
008 241129s9999||||xx |||||||||||||| ||und||
020 _a9789811029837
037 _aTextual
040 _aRTL
_beng
_cRTL
041 _aeng
_2eng
084 _aU216.2 Q8
_qRTL
100 _aSingh Dhruv Sen
245 0 _aIndian rivers: Scientific and socio- economic aspects
_cSingh Dhruv Sen
260 _aSingapore
_bSpringer
_c2018
300 _axxi,551p.
365 _aINR
_b2395
490 _aSpringer Hydrogeology
650 _aEnvironmental and Economic Studies of Indian Rivers
_9725892
942 _cTB
_hU216.2 Q8
999 _c1225484
_d1225484